Library of the University of Algiers 3
Ibrahim Sultan Cheibout
شعار جامعة الجزائر 3
مكتبة جامعة الجزائر 3
إبراهيم سلطان شيبوط

الوجيز في مبادئ القانون : (رقم التسجيلة. 42508)

تفاصيل مارك
000 -LEADER
fixed length control field 01009nam a2200217Ia 4500
003 - CONTROL NUMBER IDENTIFIER
control field Ost
005 - DATE AND TIME OF LATEST TRANSACTION
control field 20260507075041.0
008 - FIXED-LENGTH DATA ELEMENTS--GENERAL INFORMATION
fixed length control field 260507s9999||||xx |||||||||||||| ||und||
040 ## - CATALOGING SOURCE
Transcribing agency fsecg
041 ## - LANGUAGE CODE
Language code of text/sound track or separate title ara
082 ## - DEWEY DECIMAL CLASSIFICATION NUMBER
Classification number 330
100 ## - MAIN ENTRY--PERSONAL NAME
Personal name علي حسن، سوزان
Relator term مؤلف
245 #0 - TITLE STATEMENT
Title الوجيز في مبادئ القانون :
Remainder of title النظرية العامة للقانون-النظرية العامة للحق-النظرية العامة للإلتزام-أساسيات القانون التجاري /
Statement of responsibility, etc. سوزان علي حسن
260 ## - PUBLICATION, DISTRIBUTION, ETC.
Place of publication, distribution, etc. الاسكندرية:
Name of publisher, distributor, etc. دار الجامعة الجديدة للنشر,
Date of publication, distribution, etc. 2001
300 ## - PHYSICAL DESCRIPTION
Extent 551 صفحة؛
Dimensions 24 سم
490 ## - SERIES STATEMENT
Series statement المكتبة القانونية
520 ## - SUMMARY, ETC.
Summary, etc. النظرية العامة للقانون،النظرية العامة للحق،النظرية العامة للإلتزامات،مبادئ القانون التجاري
653 ## - INDEX TERM--UNCONTROLLED
Uncontrolled term القانون
653 ## - INDEX TERM--UNCONTROLLED
Uncontrolled term القانون التجاري
942 ## - ADDED ENTRY ELEMENTS (KOHA)
Koha item type كتب
المقتنيات
Withdrawn status Lost status Source of classification or shelving scheme Damaged status Not for loan Home library Current library Date acquired Serial enumeration / chronology Inventory number Total checkouts Full call number Barcode Date last seen Price effective from Koha item type
    Dewey Decimal Classification   NOT LOAN / إعارة داخلية مكتبة كلية العلوم الإقتصادية والعلوم التجارية وعلوم التسيير مكتبة كلية العلوم الإقتصادية والعلوم التجارية وعلوم التسيير 07/05/2026 الطابق الأرضي 355/1   أ/355ن1 355/1 07/05/2026 07/05/2026 كتب
    Dewey Decimal Classification   Available مكتبة كلية العلوم الإقتصادية والعلوم التجارية وعلوم التسيير مكتبة كلية العلوم الإقتصادية والعلوم التجارية وعلوم التسيير 07/05/2026 الطابق الأرضي 355/2   أ/355ن2 355/2 07/05/2026 07/05/2026 كتب
    Dewey Decimal Classification   Available مكتبة كلية العلوم الإقتصادية والعلوم التجارية وعلوم التسيير مكتبة كلية العلوم الإقتصادية والعلوم التجارية وعلوم التسيير 07/05/2026 الطابق الأرضي 355/3   أ/355ن3 355/3 07/05/2026 07/05/2026 كتب
    Dewey Decimal Classification   Available مكتبة كلية العلوم الإقتصادية والعلوم التجارية وعلوم التسيير مكتبة كلية العلوم الإقتصادية والعلوم التجارية وعلوم التسيير 07/05/2026 الطابق الثاني 355/4   أ/355ن4 355/4 07/05/2026 07/05/2026 كتب

موارد الويب المفتوحة


© University of Algiers 3 All Rights Reserved
|
Implemented by LECHELAH Riad